| 000 | 00429nab a2200145Ia 4500 | ||
|---|---|---|---|
| 003 | ES-SlBCS | ||
| 005 | 20210601125535.0 | ||
| 008 | 140529s1970 xxu||||| |||| 00| 0 eng d | ||
| 041 | _aeng | ||
| 100 | 1 |
_aFarber, Marvin _9155585 |
|
| 245 | 0 | 0 |
_aRemarks about pluralism _c Marvin Farber |
| 650 | 0 | 4 |
_aPluralismo _9129250 |
| 773 | 0 |
_tRevue de Métaphysique et de Morale _gvol. 75, nº. 3, 1970, págs. 350-353 _wRev1457 |
|
| 942 | _cAR | ||
| 999 |
_c531987 _d531987 |
||